000 00724nab a2200229u 4500
001 16669
003 HDC
007 c| |||a|c|aaaa
008 210219b20140601my ||||| |||| 00| 0 may d
040 _aHDC
245 0 _aPelaksanaan persijilan telus, penuhi prosedur
336 _atext
_2rdacontent
337 _acomputer
_2rdamedia
338 _aonline resource
_2rdacarrier
650 _aCadbury chocolate
_916387
650 _apig DNA (porcine)
_915846
710 _aBERITA HARIAN
856 _zRequest full-text at [email protected]
942 _2lcc
942 _cNEWS
942 _kNWSC 004909
999 _c13985
_d13985